[Event "37. Copenhagen Open (Politiken Cup)"]
[Site "Elsinore"]
[Date "2015.07.31"]
[Round "8"]
[White "Skovgaard, Tom"]
[Black "Skjoldager, Per"]
[Result "0-1"]
[WhiteElo "2022"]
[BlackElo "2170"]
[PlyCount "100"]
[EventDate "2015.07.25"]
[EventType "swiss"]
[EventRounds "10"]
[EventCountry "DEN"]
[Source "ChessBase"]
[SourceDate "2015.09.14"]

1. e4 c6 2. d4 d5 3. Nc3 dxe4 4. Nxe4 Bf5 5. Ng3 Bg6 6. Nf3 Nd7 7. h4 h6 8. h5
Bh7 9. Bd3 Bxd3 10. Qxd3 e6 11. Bd2 Ngf6 12. O-O-O Be7 13. Kb1 O-O 14. Ne4 Nxe4
15. Qxe4 Nf6 16. Qe2 Qd5 17. c4 Qf5+ 18. Ka1 b5 19. Ne5 Rac8 20. f3 Rfd8 21.
Be3 bxc4 22. g4 Qh7 23. Qxc4 Nd5 24. Bd2 c5 25. Qa6 Bg5 26. Qxa7 Rc7 27. Qa5
Bxd2 28. Rxd2 cxd4 29. Rxd4 Rdc8 30. a3 Rc1+ 31. Rxc1 Rxc1+ 32. Ka2 Qb1+ 33.
Kb3 Qc2+ 34. Ka2 Nc3+ 35. Qxc3 Qb1+ 36. Kb3 Rxc3+ 37. Kxc3 Qe1+ 38. Kc4 Qxe5
39. b4 Qc7+ 40. Kb3 Qb7 41. Rd3 Qb5 42. Rc3 g6 43. hxg6 fxg6 44. a4 Qd5+ 45.
Ka3 Qd4 46. Kb3 h5 47. gxh5 gxh5 48. a5 h4 49. a6 h3 50. Rc5 Qd3+ 0-1

[Event "37. Copenhagen Open (Politiken Cup)"]
[Site "Elsinore"]
[Date "2015.07.31"]
[Round "8"]
[White "Smeby, Ole"]
[Black "Alquist, Erik"]
[Result "0-1"]
[WhiteElo "1895"]
[BlackElo "2061"]
[PlyCount "78"]
[EventDate "2015.07.25"]
[EventType "swiss"]
[EventRounds "10"]
[EventCountry "DEN"]
[Source "ChessBase"]
[SourceDate "2015.09.14"]

1. d4 Nf6 2. Nf3 g6 3. c4 Bg7 4. Nc3 O-O 5. e4 d6 6. Be2 e5 7. O-O exd4 8. Nxd4
Re8 9. Bf3 Nbd7 10. Re1 Ne5 11. Be2 Bd7 12. f3 h5 13. Bg5 c6 14. Qd2 Qb6 15.
Be3 Qa5 16. Rad1 Rad8 17. Nb3 Qb4 18. Qxd6 Qxd6 19. Rxd6 Be6 20. Rxd8 Rxd8 21.
Na5 b6 22. f4 bxa5 23. fxe5 Nd7 24. Bxa7 Nxe5 25. Bb6 Rd2 26. Bxa5 Rxb2 27. Rb1
Rc2 28. Bd1 Rd2 29. Bb3 Nxc4 30. Bxc4 Bd4+ 31. Kh1 Bxc4 32. a3 Rc2 33. Na4 Bd3
34. Re1 Bf2 35. Rd1 Bxe4 36. Bc3 f5 37. Bd2 Bd4 38. h4 Ra2 39. Nc3 Bxg2+ 0-1

[Event "37. Copenhagen Open (Politiken Cup)"]
[Site "Elsinore"]
[Date "2015.07.31"]
[Round "8"]
[White "Smirin, Ilia"]
[Black "Hillarp Persson, Tiger"]
[Result "0-1"]
[WhiteElo "2663"]
[BlackElo "2563"]
[PlyCount "92"]
[EventDate "2015.07.25"]
[EventType "swiss"]
[EventRounds "10"]
[EventCountry "DEN"]
[Source "ChessBase"]
[SourceDate "2015.09.14"]

1. e4 g6 2. d4 d6 3. Nc3 Bg7 4. Bg5 a6 5. Nf3 h6 6. Be3 e6 7. Bd3 Nd7 8. O-O b6
9. Ne2 Ne7 10. c4 O-O 11. Qd2 Kh7 12. Rfe1 c5 13. Rad1 Nc6 14. Bc2 e5 15. dxc5
dxc5 16. Qd5 Qc7 17. Qd6 Qb7 18. Ba4 Ndb8 19. Qd3 Nd4 20. Nexd4 cxd4 21. Bd2
Be6 22. a3 Nd7 23. b4 Bxc4 24. Qxc4 b5 25. Qc2 Rac8 26. Qb3 Nb6 27. Bxb5 axb5
28. Rc1 Rc4 29. h4 Rfc8 30. h5 g5 31. Nh2 Qd7 32. Nf1 Qe6 33. Qd3 Rxc1 34. Bxc1
Nc4 35. Ng3 Nd6 36. Nf5 Nxf5 37. exf5 Qc4 38. Qf3 Qc3 39. Qe4 Bf6 40. Rf1 Qc6
41. Qe2 e4 42. Bd2 Qd5 43. a4 bxa4 44. Qa6 Qc6 45. Qa7 Kg7 46. Rc1 Qxc1+ 0-1

[Event "37. Copenhagen Open (Politiken Cup)"]
[Site "Elsinore"]
[Date "2015.07.31"]
[Round "8"]
[White "Smith, Axel"]
[Black "Timman, Jan H"]
[Result "1/2-1/2"]
[WhiteElo "2449"]
[BlackElo "2566"]
[PlyCount "78"]
[EventDate "2015.07.25"]
[EventType "swiss"]
[EventRounds "10"]
[EventCountry "DEN"]
[Source "ChessBase"]
[SourceDate "2015.09.14"]

1. d4 Nf6 2. c4 e6 3. g3 c5 4. d5 exd5 5. cxd5 d6 6. Nc3 g6 7. Bg2 Bg7 8. Nf3
O-O 9. O-O Re8 10. Bf4 Ne4 11. Nxe4 Rxe4 12. Nd2 Rxf4 13. gxf4 Bxb2 14. Rb1 Bg7
15. e4 Bh6 16. e5 Bxf4 17. e6 fxe6 18. dxe6 Nc6 19. Re1 Ne5 20. Qb3 Qe7 21. Nc4
Bxe6 22. Qxb7 Qxb7 23. Bxb7 Rf8 24. Nxd6 c4 25. Rb5 Rd8 26. Nxc4 Bxc4 27. Rbxe5
Bxe5 28. Rxe5 Rd7 29. Bc6 Rd1+ 30. Kg2 Rd6 31. Bb7 Kf7 32. a3 Kf6 33. Rc5 Bd3
34. Kf3 Bf1 35. Be4 Ra6 36. Rc3 Ra5 37. Kf4 g5+ 38. Ke3 h5 39. f4 gxf4+ 1/2-1/2

[Event "37. Copenhagen Open (Politiken Cup)"]
[Site "Elsinore"]
[Date "2015.07.31"]
[Round "8"]
[White "Sorensen, Per Settergren"]
[Black "Wiberg, Jonas"]
[Result "1-0"]
[WhiteElo "2087"]
[BlackElo "1805"]
[PlyCount "83"]
[EventDate "2015.07.25"]
[EventType "swiss"]
[EventRounds "10"]
[EventCountry "DEN"]
[Source "ChessBase"]
[SourceDate "2015.09.14"]

1. e4 c6 2. d4 d5 3. Nd2 dxe4 4. Nxe4 Bf5 5. Ng3 Bg6 6. h4 h6 7. Nf3 Nd7 8. h5
Bh7 9. Bd3 Bxd3 10. Qxd3 Qc7 11. Bd2 e6 12. O-O-O Ngf6 13. Kb1 O-O-O 14. Ne4
Nxe4 15. Qxe4 Nf6 16. Qe2 Bd6 17. g3 Rhe8 18. c4 c5 19. Bc3 Kb8 20. Ne5 Qe7 21.
f4 Rc8 22. g4 Ka8 23. dxc5 Bxc5 24. g5 hxg5 25. fxg5 Ng8 26. g6 fxg6 27. Rd7
Qg5 28. hxg6 Re7 29. Rhd1 Nf6 30. Rd8 Re8 31. Rxe8 Rxe8 32. Qd3 Qf5 33. Rf1 Qe4
34. Rxf6 Qxd3+ 35. Nxd3 gxf6 36. Nxc5 e5 37. Nd7 Rg8 38. Nxf6 Rxg6 39. Bxe5 Rg5
40. Bc3 Rc5 41. b3 b5 42. Bd4 1-0

[Event "37. Copenhagen Open (Politiken Cup)"]
[Site "Elsinore"]
[Date "2015.07.31"]
[Round "8"]
[White "Starup, Leo"]
[Black "Berg Olsen, Sebastian N"]
[Result "1/2-1/2"]
[WhiteElo "1619"]
[BlackElo "1302"]
[PlyCount "53"]
[EventDate "2015.07.25"]
[EventType "swiss"]
[EventRounds "10"]
[EventCountry "DEN"]
[Source "ChessBase"]
[SourceDate "2015.09.14"]

1. e4 e6 2. d4 d5 3. exd5 exd5 4. Nf3 Nf6 5. Bg5 Be7 6. Be2 O-O 7. O-O Bg4 8.
h3 Bh5 9. c3 Nbd7 10. Nbd2 h6 11. Bf4 c6 12. Re1 Re8 13. a4 Bg6 14. b4 Nh7 15.
a5 Bg5 16. Bh2 Bf6 17. Nb3 Ng5 18. Nxg5 Bxg5 19. Bf3 Rxe1+ 20. Qxe1 Qe8 21. Bd6
Qxe1+ 22. Rxe1 Bc2 23. Na1 Bf5 24. Nb3 Bc2 25. Na1 Bf5 26. Nb3 Bc2 27. Na1
1/2-1/2

[Event "37. Copenhagen Open (Politiken Cup)"]
[Site "Elsinore"]
[Date "2015.07.31"]
[Round "8"]
[White "Stojanovski, Sandi"]
[Black "Olesen, Poul Erik Norgaard"]
[Result "1-0"]
[WhiteElo "2192"]
[BlackElo "1970"]
[PlyCount "83"]
[EventDate "2015.07.25"]
[EventType "swiss"]
[EventRounds "10"]
[EventCountry "DEN"]
[Source "ChessBase"]
[SourceDate "2015.09.14"]

1. d4 c5 2. d5 e6 3. c4 exd5 4. cxd5 d6 5. e4 Ne7 6. Nf3 Ng6 7. Be2 Be7 8. O-O
O-O 9. Nc3 Bg4 10. Nd2 Bxe2 11. Qxe2 Bf6 12. Nc4 a6 13. a4 b6 14. Ra3 Re8 15.
Rb3 b5 16. axb5 axb5 17. Nxb5 Ra6 18. Ra3 Qe7 19. Rxa6 Nxa6 20. Nbxd6 Rd8 21.
Nf5 Qe8 22. Re1 Nb4 23. h3 h6 24. g3 Qa4 25. Qd1 Qd7 26. Qf3 Nc2 27. Re2 Nd4
28. Nxd4 Bxd4 29. Kg2 Qb5 30. Qd3 Kh8 31. Be3 Bxe3 32. Rxe3 h5 33. h4 Qd7 34.
Qe2 Rb8 35. Qxh5+ Kg8 36. Ne5 Qb7 37. Nxg6 fxg6 38. Qe2 Qb4 39. b3 Qd4 40. Qd3
Qb2 41. d6 Rf8 42. Rf3 1-0

[Event "37. Copenhagen Open (Politiken Cup)"]
[Site "Elsinore"]
[Date "2015.07.31"]
[Round "8"]
[White "Strachan, Christian C"]
[Black "Schmied, Andreas"]
[Result "0-1"]
[WhiteElo "1884"]
[BlackElo "2047"]
[PlyCount "134"]
[EventDate "2015.07.25"]
[EventType "swiss"]
[EventRounds "10"]
[EventCountry "DEN"]
[Source "ChessBase"]
[SourceDate "2015.09.14"]

1. e4 e5 2. Nf3 Nc6 3. Bc4 Bc5 4. c3 Nf6 5. d3 d6 6. O-O O-O 7. b4 Bb6 8. Nbd2
Ne7 9. Bb3 c6 10. Nc4 Bc7 11. Bg5 Ng6 12. Re1 h6 13. Bd2 Be6 14. a4 Qd7 15. Bc2
Rfe8 16. Ne3 Rad8 17. Nf1 d5 18. Ng3 dxe4 19. dxe4 Bg4 20. Be3 Qxd1 21. Raxd1
Bxf3 22. Rxd8 Rxd8 23. gxf3 Nh4 24. Rd1 Nxf3+ 25. Kg2 Rxd1 26. Bxd1 Ng5 27. f3
Bb6 28. Bd2 g6 29. a5 Bd8 30. Be3 a6 31. Bb3 Kg7 32. Ne2 Nd7 33. Nc1 Nh7 34.
Nd3 Bg5 35. Bf2 Bd2 36. c4 Kf6 37. Nc5 Nxc5 38. Bxc5 Ng5 39. Ba4 Ne6 40. Bd6
Bc3 41. Bc2 h5 42. Kf2 Kg5 43. Be7+ Kf4 44. Bd1 Bd4+ 45. Ke2 Bg1 46. h4 Bd4 47.
Ba4 Bc3 48. Kd3 Be1 49. Ke2 Bg3 50. Bg5+ Nxg5 51. hxg5 h4 52. b5 axb5 53. cxb5
cxb5 54. Bxb5 h3 55. Kf1 Be1 56. a6 bxa6 57. Bxa6 Kxf3 58. Kg1 Kf4 59. Bc4 Kxg5
60. Bxf7 Bg3 61. Be6 Kh4 62. Bf7 g5 63. Be6 g4 64. Bf5 Bf4 65. Kh1 Be3 66. Be6
Bd2 67. Bf5 g3 0-1

[Event "37. Copenhagen Open (Politiken Cup)"]
[Site "Elsinore"]
[Date "2015.07.31"]
[Round "8"]
[White "Szumniak, Jedrzej"]
[Black "Djurhuus, Eivind X"]
[Result "0-1"]
[WhiteElo "1975"]
[BlackElo "2149"]
[PlyCount "120"]
[EventDate "2015.07.25"]
[EventType "swiss"]
[EventRounds "10"]
[EventCountry "DEN"]
[Source "ChessBase"]
[SourceDate "2015.09.14"]

1. d4 Nf6 2. c4 c5 3. d5 b5 4. cxb5 a6 5. bxa6 g6 6. Nf3 Bg7 7. Nc3 O-O 8. g3
d6 9. Bg2 Nfd7 10. O-O Nb6 11. Qc2 Bxa6 12. Rd1 N8d7 13. e4 Nc4 14. Rb1 Qa5 15.
Bd2 Rfb8 16. Bf1 Nxd2 17. Nxd2 Bxf1 18. Kxf1 Nb6 19. Nb3 Qa6+ 20. Kg2 Na4 21.
Rd2 Rb4 22. Nc1 Nxc3 23. bxc3 Rxb1 24. Qxb1 Bxc3 25. Rd3 Bf6 26. Rb3 Kg7 27. h4
h5 28. Rb5 Qa4 29. Rb3 Qc4 30. f3 Qd4 31. Qc2 Ra4 32. Rd3 Rc4 33. Qb3 Qb2+ 34.
Qxb2 Bxb2 35. Nb3 Rb4 36. Rd2 Be5 37. Rc2 f5 38. f4 Bf6 39. e5 dxe5 40. fxe5
Bxe5 41. Nxc5 Rg4 42. Ne6+ Kf6 43. Rc8 Bxg3 44. Kf3 Bd6 45. Rf8+ Ke5 46. Ng5
Kxd5 47. Rg8 Rxh4 48. Nf7 Rg4 49. Nxd6 Kxd6 50. a4 Rxa4 51. Rxg6+ Ke5 52. Rh6
h4 53. Rh7 e6 54. Kg2 Rg4+ 55. Kh3 Kf4 56. Re7 e5 57. Ra7 e4 58. Ra4 Kf3 59.
Ra5 Rf4 60. Ra3+ e3 0-1

[Event "37. Copenhagen Open (Politiken Cup)"]
[Site "Elsinore"]
[Date "2015.07.31"]
[Round "8"]
[White "Tan, Justin2"]
[Black "Brunello, Sabino"]
[Result "1/2-1/2"]
[WhiteElo "2417"]
[BlackElo "2539"]
[PlyCount "152"]
[EventDate "2015.07.25"]
[EventType "swiss"]
[EventRounds "10"]
[EventCountry "DEN"]
[Source "ChessBase"]
[SourceDate "2015.09.14"]

1. e4 e5 2. Nf3 Nc6 3. Bb5 a6 4. Ba4 Nf6 5. O-O Be7 6. Re1 b5 7. Bb3 d6 8. c3
O-O 9. h3 Nd7 10. d4 Bf6 11. a4 Bb7 12. Be3 Ne7 13. Nbd2 c5 14. Qe2 c4 15. Bc2
Qc7 16. Nh2 Ng6 17. Ng4 Be7 18. Nf1 f5 19. exf5 Nh4 20. f3 Nxf5 21. axb5 axb5
22. Rxa8 Bxa8 23. Bf2 Bh4 24. dxe5 Bxf2+ 25. Qxf2 dxe5 26. Nfe3 Nd6 27. Qg3 Qc5
28. Kh2 Kh8 29. Rd1 Bc6 30. Qh4 e4 31. Qe7 Nc8 32. Qxc5 Nxc5 33. Ne5 Ba8 34.
fxe4 Bxe4 35. Bxe4 Nxe4 36. Nc2 Ncd6 37. Na3 g6 38. Rd4 Rb8 39. Nf7+ Nxf7 40.
Rxe4 Rb6 41. Kg3 Kg7 42. Re7 Kf6 43. Rc7 h6 44. Rc5 Nd6 45. Kf4 Rb8 46. g4 Ke6
47. Ke3 b4 48. Nxc4 Nxc4+ 49. Rxc4 bxc3 50. bxc3 Rb1 51. Rc6+ Kf7 52. Kf4 Rf1+
53. Kg3 Rd1 54. h4 Rd3+ 55. Kf4 Rh3 56. Rc7+ Ke6 57. Rc6+ Kd5 58. Rxg6 Rxh4 59.
Rg8 Kc4 60. Rc8+ Kd3 61. Rc5 Rh1 62. Rc6 Rf1+ 63. Kg3 Rg1+ 64. Kf3 Rh1 65. Rc8
Rh4 66. Kg3 Rh1 67. Kf4 Rf1+ 68. Kg3 Rh1 69. c4 Kd4 70. c5 Kd5 71. Kg2 Rh4 72.
Kf3 h5 73. g5 Rg4 74. Rg8 Kxc5 75. g6 Kd6 76. g7 Ke7 1/2-1/2

[Event "37. Copenhagen Open (Politiken Cup)"]
[Site "Elsinore"]
[Date "2015.07.31"]
[Round "8"]
[White "Tandrup, Michael"]
[Black "Stray, Gunnar"]
[Result "1/2-1/2"]
[WhiteElo "1960"]
[BlackElo "2075"]
[PlyCount "37"]
[EventDate "2015.07.25"]
[EventType "swiss"]
[EventRounds "10"]
[EventCountry "DEN"]
[Source "ChessBase"]
[SourceDate "2015.09.14"]

1. c4 Nf6 2. g3 c6 3. d4 d5 4. cxd5 cxd5 5. Bg2 g6 6. Nc3 Nc6 7. Nf3 Qb6 8. O-O
Bg7 9. Na4 Qd8 10. Nc3 O-O 11. Ne5 e6 12. Nxc6 bxc6 13. Bg5 h6 14. Bf4 Nh5 15.
Bc1 Qb6 16. e3 Nf6 17. Na4 Qb5 18. Re1 Nd7 19. Bf1 1/2-1/2

[Event "37. Copenhagen Open (Politiken Cup)"]
[Site "Elsinore"]
[Date "2015.07.31"]
[Round "8"]
[White "Thaler, Toni"]
[Black "Rewitz, Poul"]
[Result "1-0"]
[WhiteElo "2025"]
[BlackElo "2184"]
[PlyCount "165"]
[EventDate "2015.07.25"]
[EventType "swiss"]
[EventRounds "10"]
[EventCountry "DEN"]
[Source "ChessBase"]
[SourceDate "2015.09.14"]

1. d4 c6 2. c4 g6 3. e4 d5 4. cxd5 cxd5 5. e5 Bg7 6. Nc3 Nh6 7. h4 Nc6 8. Bf4
Nf5 9. Bb5 h5 10. Nf3 O-O 11. Bxc6 bxc6 12. Na4 e6 13. Qd2 a5 14. b3 Rb8 15.
Nc5 Rb5 16. Rc1 Re8 17. Bg5 f6 18. Bxf6 Bxf6 19. exf6 Qxf6 20. Qg5 Qxg5 21.
hxg5 Rb4 22. a3 Rxd4 23. Nxd4 Nxd4 24. Kd2 e5 25. f3 Bf5 26. Rhe1 h4 27. Rc3
Re7 28. Rce3 h3 29. gxh3 Rh7 30. Rh1 Rh4 31. Kc1 a4 32. bxa4 Nxf3 33. Rxf3 Rc4+
34. Kb2 Rxc5 35. Rc3 Ra5 36. Rxc6 d4 37. Rd6 d3 38. Rc1 e4 39. Rc7 Ra8 40. Re7
Kf8 41. Re5 Rb8+ 42. Kc3 Rc8+ 43. Kb4 Rb8+ 44. Kc5 Rc8+ 45. Kb6 Rb8+ 46. Kc7
Rc8+ 47. Kb7 Rc3 48. a5 Rb3+ 49. Kc7 Rc3+ 50. Kb6 Rb3+ 51. Kc5 Rxa3 52. Kb4 Ra2
53. Kb3 Ra1 54. Kb2 Ra4 55. a6 Kf7 56. Rf6+ Kg7 57. Re7+ Kg8 58. Re8+ Kg7 59.
Re7+ Kg8 60. Rd6 Kf8 61. Re5 Kf7 62. Kb3 Ra1 63. Kb2 Ra4 64. Kc3 Ra3+ 65. Kb4
Ra1 66. Kc3 Rc1+ 67. Kd2 Rc2+ 68. Ke3 Re2+ 69. Kd4 Ra2 70. Ke3 Re2+ 71. Kd4 Ra2
72. Rf6+ Kg7 73. Re7+ Kg8 74. Rb6 Rc2 75. Rb8+ Bc8 76. Rd7 d2 77. Kxe4 Rc4+ 78.
Ke3 Rc7 79. Rxd2 Kf7 80. Rd6 Re7+ 81. Kd4 Bxh3 82. Rf6+ Kg7 83. Rb7 1-0

[Event "37. Copenhagen Open (Politiken Cup)"]
[Site "Elsinore"]
[Date "2015.07.31"]
[Round "8"]
[White "Thogersen, Rasmus"]
[Black "Westerlund, Ola"]
[Result "1-0"]
[WhiteElo "2192"]
[BlackElo "1869"]
[PlyCount "65"]
[EventDate "2015.07.25"]
[EventType "swiss"]
[EventRounds "10"]
[EventCountry "DEN"]
[Source "ChessBase"]
[SourceDate "2015.09.14"]

1. d4 g6 2. c4 Bg7 3. Nc3 Nf6 4. e4 d6 5. Nf3 O-O 6. Be2 e5 7. O-O Nbd7 8. Be3
c6 9. d5 c5 10. Ne1 Ne8 11. Nd3 f5 12. f4 Qe7 13. exf5 gxf5 14. fxe5 dxe5 15.
Nxc5 Nxc5 16. d6 Qxd6 17. Qxd6 Nxd6 18. Bxc5 Rd8 19. Rad1 Bf8 20. Nb5 Nf7 21.
Rxd8 Nxd8 22. Bxf8 Kxf8 23. Bd3 Nf7 24. Bxf5 Bxf5 25. Rxf5 Ke7 26. Nc7 Rc8 27.
Nd5+ Kf8 28. Ne3 Kg7 29. Rf1 Nd6 30. b3 Kg6 31. Rd1 Rc6 32. Rd5 e4 33. g4 1-0

[Event "37. Copenhagen Open (Politiken Cup)"]
[Site "Elsinore"]
[Date "2015.07.31"]
[Round "8"]
[White "Thomsen, Kim"]
[Black "Gough, Rod"]
[Result "1-0"]
[WhiteElo "1997"]
[BlackElo "1822"]
[PlyCount "85"]
[EventDate "2015.07.25"]
[EventType "swiss"]
[EventRounds "10"]
[EventCountry "DEN"]
[Source "ChessBase"]
[SourceDate "2015.09.14"]

1. d4 g6 2. c4 Bg7 3. Nc3 d6 4. Nf3 e5 5. Bg5 f6 6. Bh4 exd4 7. Nxd4 Nc6 8. e4
Nge7 9. Nc2 Be6 10. Qd2 Qd7 11. Be2 a6 12. h3 O-O 13. g4 g5 14. Bg3 Rad8 15.
O-O-O h6 16. f3 Na7 17. h4 b5 18. Qe3 Nec8 19. c5 Qe7 20. cxd6 cxd6 21. Rd2 Nc6
22. Rhd1 Ne5 23. Nd5 Bxd5 24. Rxd5 Qc7 25. Qa3 Qb6 26. Kb1 Nf7 27. Be1 Rd7 28.
R5d3 Ne5 29. R3d2 a5 30. Qb3+ Nc4 31. Bxc4+ bxc4 32. Qxb6 Nxb6 33. Rxd6 Rb7 34.
Ne3 Na4 35. Nxc4 f5 36. b3 fxe4 37. fxe4 Bc3 38. hxg5 hxg5 39. Rg6+ Kh7 40.
Rgd6 Rf1 41. Kc2 Nc5 42. Bxc3 Rxd1 43. Rxd1 1-0

[Event "37. Copenhagen Open (Politiken Cup)"]
[Site "Elsinore"]
[Date "2015.07.31"]
[Round "8"]
[White "Thorsbro, Peter"]
[Black "Skjoldager, Mikael"]
[Result "1-0"]
[WhiteElo "2216"]
[BlackElo "2056"]
[PlyCount "53"]
[EventDate "2015.07.25"]
[EventType "swiss"]
[EventRounds "10"]
[EventCountry "DEN"]
[Source "ChessBase"]
[SourceDate "2015.09.14"]

1. d4 Nf6 2. c4 e6 3. Nc3 d5 4. cxd5 exd5 5. Bg5 Be7 6. e3 O-O 7. Bd3 Nbd7 8.
Nge2 c6 9. O-O Re8 10. Qc2 Nf8 11. Bxf6 Bxf6 12. b4 Qd6 13. b5 Bd8 14. bxc6 Bc7
15. Ng3 bxc6 16. Rfc1 h5 17. Nb5 cxb5 18. Qxc7 Qxc7 19. Rxc7 Ne6 20. Rcc1 Bd7
21. Nxh5 a5 22. f4 Nf8 23. Kf2 Rec8 24. Ke1 b4 25. Kd2 Ng6 26. f5 Ne7 27. f6
1-0

[Event "37. Copenhagen Open (Politiken Cup)"]
[Site "Elsinore"]
[Date "2015.07.31"]
[Round "8"]
[White "Thuesen, Mogens Henrik"]
[Black "Percivaldi, Martin"]
[Result "1-0"]
[WhiteElo "2158"]
[BlackElo "2310"]
[PlyCount "115"]
[EventDate "2015.07.25"]
[EventType "swiss"]
[EventRounds "10"]
[EventCountry "DEN"]
[Source "ChessBase"]
[SourceDate "2015.09.14"]

1. Nf3 d5 2. c4 c6 3. d4 Nf6 4. Nc3 a6 5. c5 g6 6. Bf4 Bg7 7. e3 O-O 8. Be2 Bf5
9. Qb3 Qc8 10. Na4 Nbd7 11. Ne5 Ra7 12. O-O Ne4 13. Nxd7 Qxd7 14. Nb6 Qd8 15.
Rad1 e5 16. Bg3 h5 17. f3 Nxg3 18. hxg3 Qc7 19. f4 e4 20. Rc1 Qe7 21. Qd1 Qe6
22. b4 Bf6 23. a4 Kg7 24. Kf2 Bd8 25. a5 Rh8 26. Rh1 Rh7 27. Ra1 Qe7 28. Qg1 f6
29. g4 Bxg4 30. Bxg4 Bxb6 31. axb6 Ra8 32. Be2 Rah8 33. g3 f5 34. Qh2 Qd7 35.
Qh4 Ra8 36. Qg5 Kf7 37. g4 fxg4 38. Bxg4 Qe7 39. Qxe7+ Kxe7 40. Be2 Rhh8 41.
Rhg1 Kf6 42. Rg5 Raf8 43. Rag1 Rh6 44. Kg3 h4+ 45. Kh3 Rfh8 46. Ra1 Rb8 47. Ra2
Rh7 48. Rg4 Rbh8 49. Rg1 Rf8 50. Bxa6 bxa6 51. Rxa6 Rff7 52. Rg4 Rhg7 53. b5 g5
54. bxc6 gxf4 55. Rxf4+ Kg5 56. Rg4+ Kf5 57. Rxg7 Rxg7 58. c7 1-0

[Event "37. Copenhagen Open (Politiken Cup)"]
[Site "Elsinore"]
[Date "2015.07.31"]
[Round "8"]
[White "Thybo, Thomas Sondergaard"]
[Black "Tenold, Andreas"]
[Result "1-0"]
[WhiteElo "1831"]
[BlackElo "1423"]
[PlyCount "75"]
[EventDate "2015.07.25"]
[EventType "swiss"]
[EventRounds "10"]
[EventCountry "DEN"]
[Source "ChessBase"]
[SourceDate "2015.09.14"]

1. Nc3 d5 2. e4 e6 3. d4 Nf6 4. e5 Nfd7 5. f4 c5 6. Nf3 Nc6 7. Ne2 b6 8. c3 Be7
9. Ng3 O-O 10. Bd3 cxd4 11. cxd4 Qc7 12. O-O Nb4 13. Be2 Bb7 14. Bd2 Nc6 15.
Rc1 Rac8 16. a3 Qd8 17. Bc3 Na5 18. Bxa5 bxa5 19. f5 exf5 20. Nxf5 g6 21. Nh6+
Kg7 22. Qd2 Qb6 23. Ng4 Kg8 24. h4 Qe6 25. Rxc8 Bxc8 26. Ng5 Bxg5 27. Qxg5 Qb6
28. Qd2 Ba6 29. Nf6+ Nxf6 30. Rxf6 Qc7 31. Rxa6 Rb8 32. Rxa5 Qd7 33. Bf3 Rb5
34. Ra6 Qb7 35. Rd6 Rxb2 36. Qg5 Rb1+ 37. Kh2 Qb2 38. Qf6 1-0

[Event "37. Copenhagen Open (Politiken Cup)"]
[Site "Elsinore"]
[Date "2015.07.31"]
[Round "8"]
[White "Torkilseng, Runar"]
[Black "Thor, Gudmundur Sverrir"]
[Result "0-1"]
[WhiteElo "1792"]
[BlackElo "2032"]
[PlyCount "86"]
[EventDate "2015.07.25"]
[EventType "swiss"]
[EventRounds "10"]
[EventCountry "DEN"]
[Source "ChessBase"]
[SourceDate "2015.09.14"]

1. d4 Nf6 2. c4 c5 3. d5 b5 4. cxb5 a6 5. f3 axb5 6. e4 Qa5+ 7. Bd2 b4 8. Na3
d6 9. Nc4 Qc7 10. a3 bxa3 11. Rxa3 Rxa3 12. bxa3 g6 13. Bd3 Bg7 14. Ne2 O-O 15.
O-O e6 16. Nc3 Qe7 17. Bg5 Ba6 18. a4 Rd8 19. Qc2 Bb7 20. Bh4 Na6 21. Qd2 Nb4
22. Bg3 exd5 23. exd5 Nh5 24. Bf2 Nxd3 25. Qxd3 Nf4 26. Qe4 Qg5 27. Bg3 Bxc3
28. Bxf4 Qxd5 29. Qe7 Qd4+ 30. Be3 Qf6 31. Qxb7 d5 32. Bxc5 dxc4 33. Qe4 Bd4+
34. Bxd4 Rxd4 35. Qc2 Qb6 36. Kh1 Qb3 37. Qxb3 cxb3 38. h3 Rxa4 39. Rb1 Rb4 40.
Rb2 f5 41. f4 Kf7 42. Kg1 Ke6 43. Kf2 Kd5 0-1

[Event "37. Copenhagen Open (Politiken Cup)"]
[Site "Elsinore"]
[Date "2015.07.31"]
[Round "8"]
[White "Undheim, Bjarne"]
[Black "Olsen, Michael Richard W"]
[Result "1/2-1/2"]
[WhiteElo "1899"]
[BlackElo "2070"]
[PlyCount "107"]
[EventDate "2015.07.25"]
[EventType "swiss"]
[EventRounds "10"]
[EventCountry "DEN"]
[Source "ChessBase"]
[SourceDate "2015.09.14"]

1. e4 e6 2. d4 d5 3. Nd2 Nf6 4. e5 Nfd7 5. Ngf3 c5 6. c3 Nc6 7. Bd3 Be7 8. O-O
Qb6 9. dxc5 Nxc5 10. Bc2 Qc7 11. Re1 b6 12. Nb3 Nxb3 13. axb3 Bb7 14. Qe2 h6
15. Nd4 Nxd4 16. cxd4 Bc6 17. Bd2 Qd7 18. Bd3 O-O-O 19. Ra2 Kb8 20. Rea1 a5 21.
b4 axb4 22. Qd1 Bb7 23. Qb3 Rc8 24. Bxb4 Bxb4 25. Qxb4 Qc6 26. Kf1 f6 27. exf6
gxf6 28. Qe7 Qc7 29. Qa3 Qf4 30. Qb4 Rc1+ 31. Rxc1 Qxc1+ 32. Ke2 Qc7 33. Ra3
Rd8 34. Rc3 Qd6 35. Qxd6+ Rxd6 36. f4 e5 37. fxe5 fxe5 38. dxe5 Re6 39. Ke3
Rxe5+ 40. Kd4 Rh5 41. h3 Rh4+ 42. Ke5 b5 43. Rc2 b4 44. Kd6 Rd4 45. Bf1 Rf4 46.
Bb5 h5 47. Rd2 b3 48. Kc5 Ka7 49. Re2 h4 50. Rd2 Kb8 51. Re2 Ka7 52. Rd2 Kb8
53. Re2 Ka7 54. Rd2 1/2-1/2

[Event "37. Copenhagen Open (Politiken Cup)"]
[Site "Elsinore"]
[Date "2015.07.31"]
[Round "8"]
[White "Van den Boogaart, Jan Maarten"]
[Black "Overgaard, Jorgen"]
[Result "1-0"]
[WhiteElo "2024"]
[BlackElo "1800"]
[PlyCount "77"]
[EventDate "2015.07.25"]
[EventType "swiss"]
[EventRounds "10"]
[EventCountry "DEN"]
[Source "ChessBase"]
[SourceDate "2015.09.14"]

1. e4 e5 2. Nf3 f5 3. exf5 e4 4. Ne5 Nf6 5. Be2 d5 6. Bh5+ Ke7 7. d4 Bxf5 8. b3
g6 9. Bg5 Qe8 10. Be2 c6 11. c4 h6 12. Bh4 g5 13. Bg3 Nbd7 14. Nc3 Rc8 15. O-O
Bg7 16. Rc1 Kf8 17. f3 Kg8 18. fxe4 Bxe4 19. Nxe4 Nxe4 20. Bh5 Qd8 21. Bf7+ Kh7
22. Bg6+ Kg8 23. Nf7 Qe7 24. Nxh8 Kxh8 25. Bxe4 Qxe4 26. Be5 Bxe5 27. dxe5 Qxe5
28. cxd5 Rd8 29. Qh5 Qe3+ 30. Kh1 Kh7 31. Rcd1 Ne5 32. Rde1 Rd7 33. Rf7+ Rxf7
34. Qxf7+ Nxf7 35. Rxe3 cxd5 36. Rd3 b6 37. Rxd5 a6 38. Rd7 Kg6 39. Rb7 1-0

[Event "37. Copenhagen Open (Politiken Cup)"]
[Site "Elsinore"]
[Date "2015.07.31"]
[Round "8"]
[White "Vatnestrom, Leo Andreas Giske"]
[Black "Nordin, Eric"]
[Result "1-0"]
[WhiteElo "1628"]
[BlackElo "1899"]
[PlyCount "93"]
[EventDate "2015.07.25"]
[EventType "swiss"]
[EventRounds "10"]
[EventCountry "DEN"]
[Source "ChessBase"]
[SourceDate "2015.09.14"]

1. e4 d6 2. d4 Nf6 3. Nc3 g6 4. f3 Bg7 5. Be3 c6 6. Qd2 b5 7. a3 a5 8. d5 Bd7
9. dxc6 Nxc6 10. Nxb5 Rb8 11. a4 O-O 12. Rd1 Qc8 13. b3 Rd8 14. Ne2 d5 15. exd5
Nb4 16. c4 e5 17. Ng3 e4 18. Nd6 Qc7 19. Ndxe4 Re8 20. Nxf6+ Bxf6 21. Kf2 Bh4
22. Bd3 f5 23. f4 g5 24. Kf3 g4+ 25. Kf2 Nxd3+ 26. Qxd3 Re4 27. Rhe1 Rbe8 28.
Kg1 Bxg3 29. hxg3 Qd6 30. Kf2 Qa3 31. Bc1 Qc5+ 32. Be3 Qa3 33. Bd4 Qa2+ 34. Rd2
Qa3 35. Rxe4 fxe4 36. Qc3 Bxa4 37. Be5 Qxb3 38. Qxb3 Bxb3 39. c5 Rd8 40. d6 Ba4
41. Ra2 Bd7 42. Rxa5 Kf7 43. Ke3 Ke6 44. Kxe4 Bc6+ 45. Kd4 Ra8 46. Rxa8 Bxa8
47. f5+ 1-0